Vplyv fiškálnej decentralizácie na ekonomické postavenie obcí v podmienkach SR diplomová práca

Enregistré dans:
Détails bibliographiques
Auteur principal: Džugan, Marek
Collectivité auteur: Národohospodárska fakulta EU. Katedra verejnej správy a regionálneho rozvoja
Autres auteurs: Kozovský, Dušan
Format: Livre
Langue:slovaque
Publié: Bratislava 2009
Tags: Ajouter un tag
Pas de tags, Soyez le premier à ajouter un tag!

MARC

LEADER 00000nam$a2200000$$$4500
001 0098387
005 20240319124945.3
041 0 |a slo 
044 |a SK 
245 1 0 |a Vplyv fiškálnej decentralizácie na ekonomické postavenie obcí v podmienkach SR  |b diplomová práca  |c Marek Džugan ; škol. Dušan Kozovský 
264 1 |a Bratislava  |c 2009 
300 |a 71 s. 
100 1 |a Džugan, Marek 
700 1 |a Kozovský, Dušan 
710 2 |a Národohospodárska fakulta EU. Katedra verejnej správy a regionálneho rozvoja